00398nam a2200133Ia 4500008004100000041000800041082001400049100004400063245007200107260004700179300000900226542001500235650001400250220531s9999 xx 000 0 und d aeng bSTA / DRI aDrishti Stree Adhyayan Prabodhan Kendra aStatus of Women in India : Education , Employment & Health - Vol. I aPunebDrishti Abhyas Adhyayan Kendrac2019 aXL11 d29-01-2020 aSociology